000 00563nam a2200205 a 4500
001 17235
003 CO-ViMGA
008 141112s2004 ck r 000 u spa d
020 _a8476729464
040 _aCO-ViMGA
_bspa
_cCO-ViMGA
082 0 4 _a841 L689e
100 1 _aLouys, Pierre
_924509
245 1 0 _aLas canciones de Bilitis
260 _aBarcelona (España),
_cEdicomunicación,
_c1999
300 _a188.p.
590 _aForma de adquisición : Premio - Mincultura
650 1 4 _aLITERATURA FRANCESA
_92630
650 1 4 _aPOESIA FRANCESA
942 _2ddc
_cBK
999 _c26809
_d26809